| 000 | 00914 a2200313 4500 | ||
|---|---|---|---|
| 001 | 200424856 | ||
| 999 |
_c200424856 _d41290 |
||
| 003 | TR-AnTOB | ||
| 005 | 20201218092603.0 | ||
| 008 | 160809e2016 tu 001 0 | ||
| 020 | _a9786058343719 | ||
| 040 |
_aTRTET _btur _erda |
||
| 041 | _atur | ||
| 050 | 0 |
_aTA352 _b.E65 2016 |
|
| 090 | _aRES TA352 .E65 2016 | ||
| 100 |
_aErcan, Yücel _9123930 |
||
| 245 | 0 |
_aİleri dinamik / _cYücel Ercan. |
|
| 264 |
_aAnkara : _bSes reklam , _c2016. |
||
| 300 |
_a306 pages : _billustrations ; _c24 cm. |
||
| 336 |
_atext _2rdacontent |
||
| 337 |
_aunmediated _2rdamedia |
||
| 338 |
_avolume _2rdacarrier |
||
| 590 | _aSayın Prof.Dr. Yücel Ercan tarafından kütüphanemize bağışlanmıştır. | ||
| 650 | 7 |
_aLagrange denklemleri _2etuturkob _9115360 |
|
| 650 | 0 |
_aLagrange equations _9115361 |
|
| 650 | 0 |
_aDinamik _921061 |
|
| 650 | 0 |
_aDynamics _9397 |
|
| 942 | _cRESERVE | ||